Teonanácatl (Record no. 185571)

MARC details
000 -LEADER
campo de control de longitud fija 01365nam a2200301 i 4500
001 - NÚMERO DE CONTROL
campo de control 185571
003 - IDENTIFICADOR DE NÚMERO DE CONTROL
campo de control SpMaBN
005 - FECHA Y HORA DE LA ÚLTIMA TRANSACCIÓN
campo de control 20230906222452.0
008 - DATOS DE LONGITUD FIJA--INFORMACIÓN GENERAL
campo de control de longitud fija 160718s1985 sp afo |||| |dspa d
020 ## - NÚMERO INTERNACIONAL ESTÁNDAR DEL LIBRO
Número Internacional Estándar del Libro 84-85595-24-6
080 ## - NÚMERO DE LA CLASIFICACIÓN DECIMAL UNIVERSAL
Número de la Clasificación Decimal Universal 635.89
245 00 - MENCIÓN DEL TÍTULO
Título Teonanácatl
Resto del título : hongos alucinógenos de Europa y América del Norte /
Mención de responsabilidad, etc. Jonathan Ott, Jeremy Bigwood, R. Gordon Wasson ... [et al.] ; versión íntegra del inglés en castellano, Mariano Santos Antolín... ; edición de Jonathan Ott y Jeremy Bigwood.
246 35 - FORMA VARIANTE DEL TITULO
Título propio/Titulo breve Teonanácatl
Resto del título : extractos de la Segunda Conferencia Internacional sobre Hongos Alucinógenos celebrada cerca de Port Townsend, Washington, 27-30 de octubre de 1977
250 ## - MENCION DE EDICION
Mención de edición 1ª ed.
260 ## - PUBLICACIÓN, DISTRIBUCIÓN, ETC.
Lugar de publicación, distribución, etc. San Lorenzo de El Escorial, Madrid :
Nombre del editor, distribuidor, etc. Swan Avantos & Hakeldama,
Fecha de publicación, distribución, etc. 1985.
300 ## - DESCRIPCIÓN FÍSICA
Extensión 206 p. :
Otras características físicas il., fot. col. ;
Dimensiones 22 cm.
490 1# - MENCIÓN DE SERIE
Mención de serie El compás de oro ;
Designación de volumen o secuencia 6
500 ## - NOTA GENERAL
Nota general Índice.
504 ## - NOTA DE BIBLIOGRAFÍA, ETC.
Nota de bibliografía, etc. Referencias bibliográficas.
650 #4 - PUNTO DE ACCESO ADICIONAL DE MATERIA--TÉRMINO DE MATERIA
Término de materia o nombre geográfico como elemento de entrada Hongos alucinógenos.
9 (RLIN) 160162
650 #4 - PUNTO DE ACCESO ADICIONAL DE MATERIA--TÉRMINO DE MATERIA
Término de materia o nombre geográfico como elemento de entrada Alucinógenos y experiencia religiosa.
9 (RLIN) 156627
700 1# - ENTRADA AGREGADA--NOMBRE PERSONAL
Nombre de persona Ott, Jonathan.
9 (RLIN) 154290
700 1# - ENTRADA AGREGADA--NOMBRE PERSONAL
Nombre de persona Bigwood, Jeremy.
9 (RLIN) 160156
740 02 - ENTRADA AGREGADA--TÍTULO RELACIONADO/ANALÍTICO NO CONTROLADO
Título relacionado o analítico no controlado Segunda Conferencia Internacional sobre Hongos Alucinógenos.
830 0# - PUNTO DE ACCESO ADICIONAL DE SERIE-TÍTULO UNIFORME
Título uniforme El compás de oro ;
Designación de volumen o secuencia 6
9 (RLIN) 181924
852 ## - LOCALIZACIÓN
Ubicación ES-MaACL
Número de control de estantería L-30443
Nota libre . - Donat. Miguel A. Velasco
Holdings
Estatus retirado Estado de pérdida Estado de daño No para préstamo Biblioteca de origen Biblioteca actual Ubicación en estantería Fecha de adquisición Fuente de adquisición Total de préstamos Signatura topográfica completa Código de barras Visto por última vez Precio de reemplazo Tipo de ítem Koha
        Biblioteca del Ateneo de Madrid Biblioteca del Ateneo de Madrid Depósito 2 18/07/2016     L-30443 1195609 23/02/2023 23/02/2023 Libro impreso